000
00308nam a22001337a 4500
008
170830b xxu||||| |||| 00| 0 eng d
020
_a
9780071342148
041
_a
eng
080
_a
070
100
_a
40
101
_a
MED
245
_a
DID I EVER TELL YOU ABOUT THE TIME..
_c
ROBINSON,G.J
942
_2
udc
_c
BK
999
_c
25617
_d
25617